000 00432nam a2200181Ia 4500
005 20240823052853.0
008 240823s9999||||xx |||||||||||||| ||und||
041 _aENGLISH
082 _A004 N4
100 _aVikas Gupta
245 0 _aRapidex Computer Course
250 _a2nd
260 _c1994
_b"Pustak Mahal,Delhi"
500 _aYES
650 _aComputer Science
_bComputer Applications
942 _cBK
999 _c222877
_d222877